Ageing of population in developed countries causes, consequences, policies

Na minha lista:
Detalhes bibliográficos
Outros Autores: Čtrnáct, Pavel, Kraus, Jaroslav
Formato: Livro
Idioma:tcheco
inglês
russo
polonês
Publicado em: Praha Československá demografická společnost při ČSAV 1992
Edição:1. vyd.
Colecção:Acta demographica 9/3
Assuntos:
Tags: Adicionar Tag
Sem tags, seja o primeiro a adicionar uma tag!

MARC

LEADER 00000nam a2200000 4500
001 c003877
005 20240104132548.0
041 0 |a cze 
041 0 |a eng 
041 0 |a rus 
041 0 |a pol 
044 |a CZ 
245 1 0 |a Ageing of population in developed countries  |b causes, consequences, policies  |c edit. Pavel Čtrnáct, Jaroslav Kraus 
250 |a 1. vyd. 
264 1 |a Praha  |b Československá demografická společnost při ČSAV  |c 1992 
300 |a s. 183-362 
490 1 |a Acta demographica  |v 9/3 
830 0 |a Acta demographica  |v 9/3 
610 2 0 |a populácia 
610 2 0 |a starnutie populácie 
610 2 0 |a vek 
610 2 0 |a úmrtnosť 
610 2 0 |a Európa 
610 2 0 |a Česko 
610 2 0 |a migrácia 
610 2 0 |a Fínsko 
610 2 0 |a Poľsko 
610 2 0 |a demografia 
700 1 |a Čtrnáct, Pavel 
700 1 |a Kraus, Jaroslav